| 000 | 00878nam a22002537a 4500 | ||
|---|---|---|---|
| 005 | 20101227103649.0 | ||
| 008 | 101227t xxu||||| |||| 00| 0 eng d | ||
| 010 | _aENG-101865 | ||
| 020 |
_a9780071073004 _c299.00 |
||
| 020 |
_a0071073000 _c299.00 |
||
| 035 | _aEN-85398 | ||
| 037 | _bDBAD/PUB | ||
| 040 |
_adpl _bEng |
||
| 082 | _a150.72 | ||
| 100 |
_aAlbon,Amanda _925104 |
||
| 245 |
_aIntroducing psychology through research / _cby Amanda Albon |
||
| 260 |
_aNew Delhi _bTata McGraw Hill _c2010 |
||
| 270 |
_a7 West Patel Nagar _bNew Delhi _e110008 |
||
| 300 |
_ax,186p. _c23cm (pbk) |
||
| 500 | _aIncludes bibliographical references and index | ||
| 700 | _925105 | ||
| 942 |
_2ddc _cEN _h150.72 _mALB |
||
| 999 |
_c49515 _d49515 |
||